{"text_format":"3","workbook":"xlsx","n_sheets":7,"sheets":["表3-5 单位工程预算价汇总表","表3-6 分部分项工程计价表","3.1措施项目费汇总表（输出清单项）","表3-13 其他项目计价表","表3-19 规费和税金项目计算表","5.5主要材料价格表","1.1.2综合单价计算表"],"read":"whole","date_system":"1900"}

{"sheet":"表3-5 单位工程预算价汇总表","index":0,"n_rows":24,"n_cols":6,"rows_kept":24,"merged":[[0,0,0,5],[1,0,1,2],[1,4,1,5],[2,2,2,4],[3,2,3,4],[4,2,4,4],[5,2,5,4],[6,2,6,4],[7,2,7,4],[8,2,8,4],[9,2,9,4],[10,2,10,4],[11,2,11,4],[12,2,12,4],[13,2,13,4],[14,2,14,4],[15,2,15,4],[16,2,16,4],[17,2,17,4],[18,2,18,4],[19,2,19,4],[20,2,20,4],[21,2,21,4],[22,2,22,4],[23,2,23,4],[24,2,24,4],[25,2,25,4],[26,2,26,4],[27,2,27,4],[28,2,28,4],[29,2,29,4],[30,2,30,4],[31,2,31,4],[32,2,32,4],[33,2,33,4],[34,2,34,4],[35,2,35,4]]}
["单位工程造价汇总表"]
["工程名称：中心商贸城雨污分流工程建设项目",{"$nulls":3},"第 1 页  共 1 页"]
["序号","费 用 名 称","计 算 基 础",null,null,"金  额（元）"]
["1","分部分项合计","分部分项合计",null,null,367930.76]
["1.1","污水系统",{"$nulls":3},100097.57]
["1.2","其他",{"$nulls":3},267833.19]
["2","措施合计","绿色施工安全防护措施费+其他措施费",null,null,17353.02]
["2.1","绿色施工安全防护措施费","安全及文明施工措施费",null,null,17353.02]
["2.2","其他措施费","其他措施费"]
["3","其他项目","其他项目合计",null,null,5541.3]
["3.1","暂列金额","暂列金额"]
["3.2","暂估价","暂估价合计"]
["3.3","计日工","计日工"]
["3.4","总承包服务费","总承包服务费"]
["3.5","预算包干费","预算包干费",null,null,5541.3]
["3.6","工程优质费","工程优质费"]
["3.7","概算幅度差","概算幅度差"]
["3.8","索赔费用","索赔费用"]
["3.9","现场签证费用","现场签证费用"]
["3.10","其他费用","其他费用"]
["4","税前工程造价","分部分项合计+措施合计+其他项目",null,null,390825.08]
["5","增值税销项税额","分部分项合计+措施合计+其他项目",null,null,35174.26]
["6","总造价","分部分项合计+措施合计+其他项目+增值税销项税额",null,null,425999.34]
["7","人工费","分部分项人工费+技术措施项目人工费",null,null,67410.08]

{"sheet":"表3-6 分部分项工程计价表","index":1,"n_rows":61,"n_cols":10,"rows_kept":61,"merged":[[0,0,0,9],[1,0,1,5],[1,7,1,9],[2,0,3,0],[2,1,3,1],[2,2,3,2],[2,3,3,3],[2,4,3,4],[2,5,3,7],[2,8,2,9],[4,2,4,3],[4,5,4,7],[5,5,5,7],[6,5,6,7],[7,5,7,7],[8,5,8,7],[9,5,9,7],[10,5,10,7],[11,0,11,8],[12,0,12,9],[13,0,13,5],[13,7,13,9],[14,0,15,0],[14,1,15,1],[14,2,15,2],[14,3,15,3],[14,4,15,4],[14,5,15,7],[14,8,14,9],[16,5,16,7],[17,5,17,7],[18,5,18,7],[19,0,19,8],[20,0,20,9],[21,0,21,5],[21,7,21,9],[22,0,23,0],[22,1,23,1],[22,2,23,2],[22,3,23,3],[22,4,23,4],[22,5,23,7],[22,8,22,9],[24,5,24,7],[25,5,25,7],[26,5,26,7],[27,5,27,7],[28,5,28,7],[29,5,29,7],[30,5,30,7],[31,2,31,3],[31,5,31,7],[32,2,32,3],[32,5,32,7],[33,5,33,7],[34,5,34,7],[35,5,35,7],[36,0,36,8],[37,0,37,9],[38,0,38,5],[38,7,38,9],[39,0,40,0],[39,1,40,1],[39,2,40,2],[39,3,40,3],[39,4,40,4],[39,5,40,7],[39,8,39,9],[41,5,41,7],[42,5,42,7],[43,5,43,7],[44,5,44,7],[45,5,45,7],[46,5,46,7],[47,5,47,7],[48,5,48,7],[49,5,49,7],[50,5,50,7],[51,2,51,3],[51,5,51,7],[52,5,52,7],[53,5,53,7],[54,5,54,7],[55,5,55,7],[56,5,56,7],[57,5,57,7],[58,5,58,7],[59,0,59,8],[60,0,60,8]]}
["分部分项工程计价表"]
["工程名称：中心商贸城雨污分流工程建设项目",{"$nulls":6},"第 1 页  共 4 页"]
["序号","项目编码","项目名称","项目特征描述","计量\n单位","工程数量",null,null,"金额（元）"]
[{"$nulls":8},"综合单价","合价"]
[null,null," 污水系统"]
[1,"040501004003","塑料管","1.材质:PVC-U硬聚氯乙烯排水管\n2.规格:DN100\n3.连接形式:粘结方式连接,连接用胶粘剂应符合QB/T 2568-2002的要求\n4.铺设深度:埋深约为0.7~3.0m","m","17.4",null,null,31.66,550.88]
[2,"040501004001","塑料管","1.材质:PVC-U硬聚氯乙烯排水管\n2.规格:DN150\n3.连接形式:粘结方式连接,连接用胶粘剂应符合QB/T 2568-2002的要求\n4.铺设深度:埋深约为0.7~3.0m","m","134.4",null,null,45,6048]
[3,"040501004002","塑料管","1.材质:PVC-U硬聚氯乙烯排水管\n2.规格:DN200\n3.连接形式:粘结方式连接,连接用胶粘剂应符合QB/T 2568-2002的要求\n4.铺设深度:埋深约为0.7~3.0m","m","162.4",null,null,64.41,10460.18]
[4,"040501001003","DN300Ⅱ钢筋混凝土管","1.垫层、基础材质及厚度:200mm砂砾垫层、C20混凝土基础\n2.管座材质:A式135°基础\n3.规格:Ⅱ级钢筋混凝土管DN300\n4.接口方式:承插式\n5.铺设深度:埋深约为0.7~3.0m","m","25.4",null,null,295.52,7506.21]
[5,"040501001004","DN400Ⅱ钢筋混凝土管","1.垫层、基础材质及厚度:200mm砂砾垫层、C20混凝土基础\n2.管座材质:A式135°基础\n3.规格:Ⅱ级钢筋混凝土管DN400\n4.接口方式:承插式\n5.铺设深度:埋深约为0.7~3.0m","m","32.1",null,null,384.4,12339.24]
[6,"031001006001","塑料管","1.安装部位:室外\n2.介质:排水管\n3.材质、规格:PVC-U塑料管DN100\n4.连接形式:粘结","m","24",null,null,28.65,687.6]
["本页小计",{"$nulls":8},37592.11]
["分部分项工程计价表"]
["工程名称：中心商贸城雨污分流工程建设项目",{"$nulls":6},"第 2 页  共 4 页"]
["序号","项目编码","项目名称","项目特征描述","计量\n单位","工程数量",null,null,"金额（元）"]
[{"$nulls":8},"综合单价","合价"]
[7,"040504002002","混凝土井","1.名称:预制装配式钢筋混凝土雨水水质检测井\n2.尺寸规格:井外径1300mm,井内径1000mm\n3.垫层、基础材质及厚度:100mm厚C15商品混凝土\n4.混凝土强度等级:C30商品混凝土\n5.井盖材质及规格:球墨铸铁可调试防沉降井盖Φ700\n6.井圈材质及规格:砖砌体\n7.井圈材质及规格:C30商品混凝土\n8.井深:1.89m\n9.含防坠网、井座钢筋\n10.详见图纸","座","1",null,null,3919.2,3919.2]
[8,"040504002005","混凝土井","1.名称:预制装配式钢筋混凝土雨水水质检测井\n2.尺寸规格:井外径1300mm,井内径1000mm\n3.垫层、基础材质及厚度:100mm厚C15商品混凝土\n4.混凝土强度等级:C30商品混凝土\n5.井盖材质及规格:球墨铸铁可调试防沉降井盖Φ700\n6.井圈材质及规格:砖砌体\n7.井圈材质及规格:C30商品混凝土\n8.井深:0.74m\n9.含防坠网、井座钢筋\n10.详见图纸","座","1",null,null,2426.09,2426.09]
[9,"040504002003","混凝土井","1.名称:预制装配式钢筋混凝土污水水质检测井\n2.尺寸规格:井外径1300mm,井内径1000mm\n3.垫层、基础材质及厚度:100mm厚C15商品混凝土\n4.混凝土强度等级:C30商品混凝土\n5.井盖材质及规格:球墨铸铁可调试防沉降井盖Φ700\n6.井圈材质及规格:C35商品混凝土\n7.井深:1.2m\n8.含防坠网、井座钢筋\n9.详见图纸","座","3",null,null,2850.15,8550.45]
["本页小计",{"$nulls":8},14895.74]
["分部分项工程计价表"]
["工程名称：中心商贸城雨污分流工程建设项目",{"$nulls":6},"第 3 页  共 4 页"]
["序号","项目编码","项目名称","项目特征描述","计量\n单位","工程数量",null,null,"金额（元）"]
[{"$nulls":8},"综合单价","合价"]
[10,"040504002004","混凝土井","1.名称:预制装配式钢筋混凝土检查井\n2.尺寸规格:井外径1300mm,井内径700mm\n3.垫层、基础材质及厚度:100mm厚C15商品混凝土\n4.混凝土强度等级:C30商品混凝土\n5.井盖材质及规格:球墨铸铁可调试防沉降井盖Φ700\n6.井圈材质及规格:C35商品混凝土\n7.井深:1.2m\n8.含防坠网、井座钢筋\n9.详见图纸","座","6",null,null,2850.15,17100.9]
[11,"040504009001","雨水口","1.名称:预制混凝土装配式偏沟式单箅雨水口\n2.规格:700*400\n3.其他:具体施工按图纸及相应规范执行","座","9",null,null,2942.35,26481.15]
[12,"010514002001","其他构件","1.名称:现状雨水口封堵\n2.其他:具体施工按图纸及相应规范执行","座","6",null,null,58.59,351.54]
[13,"041001006001","拆除管道","1.名称:拆除原有管道\n2.材质:PVC管\n3.管径:DN300\n4.其他:含拆除管道及附属构件","m","55",null,null,6.23,342.65]
[14,"041001009001","拆除井","1.名称:拆除原有检查井\n2.其他:具体施工按图纸及相应规范执行","座","1",null,null,1063.73,1063.73]
[15,"粤R3-2-12","水力冲洗管道 管径300mm内 积泥1/2内","1.清淤管径:150mm\n2.积泥深度:管径1/2\n3.淤泥运距:10km","m","100",null,null,7.64,764]
[16,"粤R3-2-16","水力冲洗管道","1.清淤管径:400mm\n2.积泥深度:管径1/2\n3.淤泥运距:10km","m","95.00",null,null,15.85,1505.75]
[null,null,"【污水系统】分部小计",{"$nulls":6},100097.57]
[null,null," 其他"]
[17,"040101002001","挖沟槽土方","1.土壤类别:一、二类土\n2.挖土深度:综合考虑\n3.挖土方式:人机配合","m3","293.59",null,null,7.85,2304.68]
[18,"040103001001","管(基)坑回填石屑","1.填方材料品种:石粉\n2.密实度:按规范要求","m3","225.33",null,null,238.23,53680.37]
[19,"041001001001","拆除路面","1.材质:水泥混凝土 \n2.厚度:200mm","m2","402",null,null,21.75,8743.5]
["本页小计",{"$nulls":8},112338.27]
["分部分项工程计价表"]
["工程名称：中心商贸城雨污分流工程建设项目",{"$nulls":6},"第 4 页  共 4 页"]
["序号","项目编码","项目名称","项目特征描述","计量\n单位","工程数量",null,null,"金额（元）"]
[{"$nulls":8},"综合单价","合价"]
[20,"041001003001","拆除基层","1.材质:综合考虑\n2.厚度:150mm\n3.部位:道路基层","m2","615",null,null,13.2,8118]
[21,"041001002001","拆除人行道","1.材质:地砖 \n2.厚度:综合考虑","m2","213",null,null,2.79,594.27]
[22,"040103002001","余方弃置  自卸汽车运土方","1.废弃料品种:渣土、道路拆除废料\n2.方式:挖掘机装土方、自卸汽车运土方\n3.运距:10km","m3","385.84",null,null,27.95,10784.23]
[23,"040103002002","余方弃置，拆除废料外运","1.废弃料品种:碎石\n2.方式:挖掘机装土方、自卸汽车运土方\n3.运距:10km","m3","93.18",null,null,45.72,4260.19]
[24,"040202015001","恢复路面路基","1.水泥含量:6%\n2.石料规格:水泥石屑\n3.厚度:15cm","m2","402",null,null,51.48,20694.96]
[25,"040203007002","水泥混凝土","1.面层材料种类、厚度:200mm厚C30商品混凝土\n2.路面养生:水养生","m2","402",null,null,169.27,68046.54]
[26,"040202015002","恢复人行道基层","1.水泥含量:5%\n2.石料规格:水泥石屑\n3.厚度:15cm","m2","213",null,null,50.37,10728.81]
[27,"040204002001","人行道块料铺设","1.块料品种、规格:10*10*2.56cm厚广场砖\n2.基础、垫层:材料品种、厚度:20厚C30水泥混凝土垫层、3cm厚DSM15水泥砂浆","m2","213",null,null,238.88,50881.44]
[28,"040901008001","植筋","1.材料规格:植筋DN14@800长700\n2.植入深度:35cm","根","503",null,null,53.7,27011.1]
[29,"040602030001","路面切割","1.类型:路面切割","m","130",null,null,15.27,1985.1]
[null,null,"【其他】分部小计",{"$nulls":6},267833.19]
{"$rows_empty":7}
["本页小计",{"$nulls":8},203104.64]
["合  计",{"$nulls":8},367930.76]

{"sheet":"3.1措施项目费汇总表（输出清单项）","index":2,"n_rows":38,"n_cols":8,"rows_kept":38,"merged":[[0,0,0,7],[1,0,1,5],[1,6,1,7],[2,0,2,0],[2,1,2,2],[2,3,2,3],[2,4,2,4],[2,5,2,6],[3,1,3,2],[3,5,3,6],[4,1,4,2],[4,5,4,6],[5,1,5,2],[5,5,5,6],[6,1,6,2],[6,5,6,6],[7,1,7,2],[7,5,7,6],[8,1,8,2],[8,5,8,6],[9,1,9,2],[9,5,9,6],[10,1,10,2],[10,5,10,6],[11,1,11,2],[11,5,11,6],[12,1,12,2],[12,5,12,6],[13,1,13,2],[13,5,13,6],[14,1,14,2],[14,5,14,6],[15,1,15,2],[15,5,15,6],[16,1,16,2],[16,5,16,6],[17,1,17,2],[17,5,17,6],[18,1,18,2],[18,5,18,6],[19,1,19,2],[19,5,19,6],[20,1,20,2],[20,5,20,6],[21,1,21,2],[21,5,21,6],[22,1,22,2],[22,5,22,6],[23,1,23,2],[23,5,23,6],[24,1,24,2],[24,5,24,6],[25,1,25,2],[25,5,25,6],[26,1,26,2],[26,5,26,6],[27,1,27,2],[27,5,27,6],[28,1,28,2],[28,5,28,6],[29,1,29,2],[29,5,29,6],[30,1,30,2],[30,5,30,6],[31,1,31,2],[31,5,31,6],[32,1,32,2],[32,5,32,6],[33,1,33,2],[33,5,33,6],[34,1,34,2],[34,5,34,6],[35,1,35,2],[35,5,35,6],[36,1,36,2],[36,5,36,6],[37,1,37,2],[37,5,37,6]]}
["措施项目费汇总表"]
["工程名称：中心商贸城雨污分流工程建设项目",{"$nulls":5},"第 1 页 共 1 页"]
["编码","名称",null,"单位","数量","单价（元）",null,"合价（元）"]
["1","绿色施工安全防护措施费"]
["1.1","综合脚手架",null,"项",1]
["1.2","靠脚手架安全挡板",null,"项",1]
["1.3","围尼龙编制布",null,"项",1]
["1.4","桥梁支架",null,"项",1]
["1.5","施工现场围挡和临时占地围挡",null,"项",1,2114.46,null,2114.46]
["041109001001","施工现场围挡和临时占地围挡",null,"项",1,2114.46,null,2114.46]
["1.6","施工围挡照明",null,"项",1]
["1.7","独立安全防护挡板",null,"项",1]
["1.8","吊装设备基础",null,"项",1]
["LSSGCSF00001","绿色施工安全防护措施费",null,"项","RGF+JXF","16.5%",null,15238.56]
[null,"小计",null,"元",{"$nulls":3},17353.02]
["2","措施其他项目"]
["粤041109009001","文明工地增加费",null,"项","RGF+JXF","0%"]
["041109002001","夜间施工增加费",null,"项",null,"20%"]
["041109005001","交通疏解员增加费",null,"项",null,"15%"]
["041108001001","地下管线交叉降效费",null,"项",null,"0%"]
["粤041109008001","赶工措施费",null,"项","RGF+JXF","0%"]
["QTFY00000001","其他费用",null,"项",1]
["2.7","围堰工程",null,"项",1]
["2.8","材料二次运输",null,"项",1]
["2.9","井点降水工程",null,"项",1]
["2.10","施工护栏",null,"项",1]
["2.11","监测量控工程",null,"项",1]
["2.12","模板工程",null,"项",1]
[null,"小计",null,"元"]
{"$rows_empty":8}
[null,"合计",{"$nulls":5},"17353.02"]

{"sheet":"表3-13 其他项目计价表","index":3,"n_rows":32,"n_cols":7,"rows_kept":32,"merged":[[0,0,0,6],[1,0,1,3],[1,5,1,6],[2,3,2,5],[3,3,3,5],[4,3,4,5],[5,3,5,5],[6,3,6,5],[7,3,7,5],[8,3,8,5],[9,3,9,5],[10,3,10,5],[11,3,11,5],[12,3,12,5],[13,3,13,5],[14,3,14,5],[15,3,15,5],[16,3,16,5],[17,3,17,5],[18,3,18,5],[19,3,19,5],[20,3,20,5],[21,3,21,5],[22,3,22,5],[23,3,23,5],[24,3,24,5],[25,3,25,5],[26,3,26,5],[27,3,27,5],[28,3,28,5],[29,3,29,5],[30,3,30,5],[31,0,31,2],[31,3,31,5]]}
["其他项目清单与计价表"]
["工程名称：中心商贸城雨污分流工程建设项目",{"$nulls":4},"第 1 页  共 1 页"]
["序号","项目名称","单位","金额（元）",null,null,"备注"]
["1","暂列金额","项"]
["2","暂估价","项"]
["2.1","材料暂估价","项"]
["2.2","专业工程暂估价","项"]
["3","计日工","项"]
["4","总承包服务费","项"]
["5","预算包干费","项",5541.3,null,null,"按分部分项的人工费与施工机具费之和的 6.00%计算"]
["6","工程优质费","项",{"$nulls":3},"按分部分项的人工费与施工机具费之和为计算基础\n国家级质量奖：12.10%；省级质量奖：7.20%；市级质量奖：4.50%"]
["7","概算幅度差","项",{"$nulls":3},"按分部分项工程费的3.00%计算"]
["8","现场签证费用","项"]
["9","索赔费用","项"]
["10","其他费用","项",{"$nulls":3},"按实际发生或经批准的施工方案计算"]
{"$rows_empty":16}
["合    计",null,null,"5541.30",null,null,"-"]

{"sheet":"表3-19 规费和税金项目计算表","index":4,"n_rows":38,"n_cols":7,"rows_kept":38,"merged":[[0,0,0,6],[1,0,1,3],[1,5,1,6],[2,3,2,5],[3,3,3,5],[4,3,4,5],[5,3,5,5],[6,3,6,5],[7,3,7,5],[8,3,8,5],[9,3,9,5],[10,3,10,5],[11,3,11,5],[12,3,12,5],[13,3,13,5],[14,3,14,5],[15,3,15,5],[16,3,16,5],[17,3,17,5],[18,3,18,5],[19,3,19,5],[20,3,20,5],[21,3,21,5],[22,3,22,5],[23,3,23,5],[24,3,24,5],[25,3,25,5],[26,3,26,5],[27,3,27,5],[28,3,28,5],[29,3,29,5],[30,3,30,5],[31,3,31,5],[32,3,32,5],[33,3,33,5],[34,3,34,5],[35,3,35,5],[36,3,36,5],[37,0,37,5]]}
["规费和税金项目清单与计价表"]
["工程名称：中心商贸城雨污分流工程建设项目",{"$nulls":4},"第 1 页  共 1 页"]
["序号","项 目 名 称","计 算 基 础","费率（%）",null,null,"金额（元）"]
["1","增值税销项税额","分部分项合计+措施合计+其他项目","9",null,null,35174.26]
{"$rows_empty":33}
["合计",{"$nulls":5},35174.26]

{"sheet":"5.5主要材料价格表","index":5,"n_rows":36,"n_cols":10,"rows_kept":36,"merged":[[0,0,0,9],[1,0,1,5],[1,7,1,9],[2,5,2,7],[3,5,3,7],[4,5,4,7],[5,5,5,7],[6,5,6,7],[7,5,7,7],[8,5,8,7],[9,5,9,7],[10,5,10,7],[11,5,11,7],[12,5,12,7],[13,5,13,7],[14,5,14,7],[15,5,15,7],[16,5,16,7],[17,5,17,7],[18,5,18,7],[19,5,19,7],[20,5,20,7],[21,5,21,7],[22,5,22,7],[23,5,23,7],[24,5,24,7],[25,5,25,7],[26,5,26,7],[27,5,27,7],[28,5,28,7],[29,5,29,7],[30,5,30,7],[31,5,31,7],[32,5,32,7],[33,5,33,7],[34,5,34,7],[35,5,35,7]]}
["主要材料价格表"]
["工程名称：中心商贸城雨污分流工程建设项目",{"$nulls":6},"第 1 页  共 1 页"]
["序号","材料编码","材料名称","规格","单位","数量",null,null,"市场价\n（元）","市场价合计（元）"]
[1,"01010040","螺纹钢筋","φ25以内","t",0.436,null,null,4106.97,1790.64]
[2,"04010015","复合普通硅酸盐水泥","P.C 32.5","t",11.7214,null,null,448,5251.19]
[3,"04030015","中砂",null,"m3",15.2354,null,null,275.97,4204.51]
[4,"04050040","碎石","40","m3",6.6134,null,null,247.34,1635.76]
[5,"04070045","石屑",null,"m3",428.2221,null,null,160.17,68588.33]
[6,"36090010","广场砖","综合","m2",217.26,null,null,36.99,8036.45]
[7,"99450760","其他材料费",null,"元",1906.9999,null,null,1,1907]
[8,"80210190","普通预拌混凝土","C15","m3",2.876,null,null,559,1607.68]
[9,"8021903","普通预拌混凝土","碎石粒径综合考虑 C20","m3",9.01,null,null,558,5027.58]
[10,"8021905","普通预拌混凝土","碎石粒径综合考虑 C30","m3",125.7889,null,null,615,77360.17]
[11,"8005909","湿拌抹灰砂浆","一次抹灰厚度≥5mm M20","m3",4.4297,null,null,659,2919.17]
[12,"17250350@2","PVC-U硬聚氯乙烯排水管","DN150","m",135.744,null,null,28.59,3880.92]
[13,"17250350@3","PVC-U硬聚氯乙烯排水管","DN200","m",164.024,null,null,47.81,7841.99]
[14,"17290070@6","Ⅱ级钢筋混凝土管","DN400","m",32.421,null,null,100.75,3266.42]
[15,"36010201@3","铸铁井盖","700","套",11,null,null,396.31,4359.41]
[16,"SZB04015@3","底部井筒1000","1000","块",11.11,null,null,1500.42,16669.67]
[17,"SZB04017","调节井筒","高200mm","块",9.09,null,null,303.56,2759.36]
[18,"SZB04020@1","预制钢筋混凝土井筒","1000","块",9.09,null,null,933.85,8488.7]
[19,"SZB04021@1","铸铁井箅","700*400","块",9,null,null,259.63,2336.67]
[20,"SZB04023@1","调节井筒","高400mm","块",18.18,null,null,607.12,11037.44]
{"$rows_empty":12}
[null,null,"合  计",{"$nulls":6},238969.06]

{"sheet":"1.1.2综合单价计算表","index":6,"n_rows":113,"n_cols":9,"rows_kept":113,"merged":[[0,0,0,8],[1,0,1,5],[1,6,1,8],[2,0,2,0],[2,1,2,1],[2,2,2,3],[2,4,2,4],[2,5,2,6],[2,7,2,7],[3,0,3,0],[3,2,3,3],[3,5,3,6],[4,0,4,0],[4,2,4,3],[4,5,4,6],[5,0,5,0],[5,2,5,3],[5,5,5,6],[6,0,6,0],[6,2,6,3],[6,5,6,6],[7,0,7,0],[7,2,7,3],[7,5,7,6],[8,0,8,0],[8,2,8,3],[8,5,8,6],[9,0,9,0],[9,2,9,3],[9,5,9,6],[10,0,11,0],[10,2,10,3],[10,5,10,6],[11,2,11,3],[11,5,11,6],[12,0,12,0],[12,2,12,3],[12,5,12,6],[13,0,14,0],[13,2,13,3],[13,5,13,6],[14,2,14,3],[14,5,14,6],[15,0,15,0],[15,2,15,3],[15,5,15,6],[16,0,16,0],[16,2,16,3],[16,5,16,6],[17,0,17,0],[17,2,17,3],[17,5,17,6],[18,0,18,0],[18,2,18,3],[18,5,18,6],[19,0,19,8],[20,0,20,5],[20,6,20,8],[21,0,21,0],[21,1,21,1],[21,2,21,3],[21,4,21,4],[21,5,21,6],[21,7,21,7],[22,0,25,0],[22,2,22,3],[22,5,22,6],[23,2,23,3],[23,5,23,6],[24,2,24,3],[24,5,24,6],[25,2,25,3],[25,5,25,6],[26,0,26,0],[26,2,26,3],[26,5,26,6],[27,0,31,0],[27,2,27,3],[27,5,27,6],[28,2,28,3],[28,5,28,6],[29,2,29,3],[29,5,29,6],[30,2,30,3],[30,5,30,6],[31,2,31,3],[31,5,31,6],[32,0,32,0],[32,2,32,3],[32,5,32,6],[33,0,37,0],[33,2,33,3],[33,5,33,6],[34,2,34,3],[34,5,34,6],[35,2,35,3],[35,5,35,6],[36,2,36,3],[36,5,36,6],[37,2,37,3],[37,5,37,6],[38,0,38,0],[38,2,38,3],[38,5,38,6],[39,0,39,8],[40,0,40,5],[40,6,40,8],[41,0,41,0],[41,1,41,1],[41,2,41,3],[41,4,41,4],[41,5,41,6],[41,7,41,7],[42,0,46,0],[42,2,42,3],[42,5,42,6],[43,2,43,3],[43,5,43,6],[44,2,44,3],[44,5,44,6],[45,2,45,3],[45,5,45,6],[46,2,46,3],[46,5,46,6],[47,0,47,0],[47,2,47,3],[47,5,47,6],[48,0,48,0],[48,2,48,3],[48,5,48,6],[49,0,49,0],[49,2,49,3],[49,5,49,6],[50,0,52,0],[50,2,50,3],[50,5,50,6],[51,2,51,3],[51,5,51,6],[52,2,52,3],[52,5,52,6],[53,0,53,0],[53,2,53,3],[53,5,53,6],[54,0,54,0],[54,2,54,3],[54,5,54,6],[55,0,55,0],[55,2,55,3],[55,5,55,6],[56,0,57,0],[56,2,56,3],[56,5,56,6],[57,2,57,3],[57,5,57,6],[58,0,58,0],[58,2,58,3],[58,5,58,6],[59,0,60,0],[59,2,59,3],[59,5,59,6],[60,2,60,3],[60,5,60,6],[61,0,61,0],[61,2,61,3],[61,5,61,6],[62,0,62,0],[62,2,62,3],[62,5,62,6],[63,0,63,8],[64,0,64,5],[64,6,64,8],[65,0,65,0],[65,1,65,1],[65,2,65,3],[65,4,65,4],[65,5,65,6],[65,7,65,7],[66,0,66,0],[66,2,66,3],[66,5,66,6],[67,0,67,0],[67,2,67,3],[67,5,67,6],[68,0,69,0],[68,2,68,3],[68,5,68,6],[69,2,69,3],[69,5,69,6],[70,0,70,0],[70,2,70,3],[70,5,70,6],[71,0,71,0],[71,2,71,3],[71,5,71,6],[72,0,72,0],[72,2,72,3],[72,5,72,6],[73,0,73,0],[73,2,73,3],[73,5,73,6],[74,0,74,0],[74,2,74,3],[74,5,74,6],[75,0,75,0],[75,2,75,3],[75,5,75,6],[76,0,76,0],[76,2,76,3],[76,5,76,6],[77,0,77,0],[77,2,77,3],[77,5,77,6],[78,0,78,0],[78,2,78,3],[78,5,78,6],[79,0,80,0],[79,2,79,3],[79,5,79,6],[80,2,80,3],[80,5,80,6],[81,0,81,0],[81,2,81,3],[81,5,81,6],[82,0,83,0],[82,2,82,3],[82,5,82,6],[83,2,83,3],[83,5,83,6],[84,0,84,0],[84,2,84,3],[84,5,84,6],[85,0,87,0],[85,2,85,3],[85,5,85,6],[86,2,86,3],[86,5,86,6],[87,2,87,3],[87,5,87,6],[88,0,88,0],[88,2,88,3],[88,5,88,6],[89,0,89,8],[90,0,90,5],[90,6,90,8],[91,0,91,0],[91,1,91,1],[91,2,91,3],[91,4,91,4],[91,5,91,6],[91,7,91,7],[92,0,93,0],[92,2,92,3],[92,5,92,6],[93,2,93,3],[93,5,93,6],[94,0,94,0],[94,2,94,3],[94,5,94,6],[95,0,98,0],[95,2,95,3],[95,5,95,6],[96,2,96,3],[96,5,96,6],[97,2,97,3],[97,5,97,6],[98,2,98,3],[98,5,98,6],[99,0,99,0],[99,2,99,3],[99,5,99,6],[100,0,101,0],[100,2,100,3],[100,5,100,6],[101,2,101,3],[101,5,101,6],[102,0,102,0],[102,2,102,3],[102,5,102,6],[103,0,104,0],[103,2,103,3],[103,5,103,6],[104,2,104,3],[104,5,104,6],[105,0,105,0],[105,2,105,3],[105,5,105,6],[106,0,106,0],[106,2,106,3],[106,5,106,6],[107,0,107,0],[107,2,107,3],[107,5,107,6],[108,0,108,0],[108,2,108,3],[108,5,108,6],[109,0,109,0],[109,2,109,3],[109,5,109,6],[110,0,110,0],[110,2,110,3],[110,5,110,6],[111,0,111,0],[111,2,111,3],[111,5,111,6],[112,2,112,3],[112,5,112,6]]}
["综合单价计算表"]
["工程名称：中心商贸城雨污分流工程建设项目",{"$nulls":5},"第 1 页 共 5 页"]
["序号","编码","名称",null,"单位","工程量",null,"综合单价\n（元）","综合合价\n（元）"]
[1,"040501004003","塑料管",null,"m","17.4",null,31.66,550.88]
[null,"D5-2-300","双壁波纹管安装[PVC-U或HDPE](承插式胶圈接口) 管径(mm以内) 300",null,"10m",1.74,null,316.55,550.8]
[2,"040501004001","塑料管",null,"m","134.4",null,45,6048]
[null,"D5-2-300","双壁波纹管安装[PVC-U或HDPE](承插式胶圈接口) 管径(mm以内) 300",null,"10m",13.44,null,449.97,6047.6]
[3,"040501004002","塑料管",null,"m","162.4",null,64.41,10460.18]
[null,"D5-2-300","双壁波纹管安装[PVC-U或HDPE](承插式胶圈接口) 管径(mm以内) 300",null,"10m",16.24,null,644.09,10460.02]
[4,"040501001003","DN300Ⅱ钢筋混凝土管",null,"m","25.4",null,295.52,7506.21]
[null,"D5-1-15 R*0.87","垫层 砂 \u007f水处理构筑物的垫层 人工*0.87",null,"10m3",0.347472,null,3996.94,1388.82]
[null,"D-4-1 换","承插式钢筋混凝土排水管 A式(135°)水泥砂浆接口 管径(mm) 300 \u007f合并制作子目 普通预拌混凝土 碎石粒径综合考虑 C20 \u007f合并制作子目 湿拌抹灰砂浆 一次抹灰厚度≥5mm M20",null,"100m",0.254,null,24084.11,6117.36]
[5,"040501001004","DN400Ⅱ钢筋混凝土管",null,"m","32.1",null,384.4,12339.24]
[null,"D5-1-15 R*0.87","垫层 砂 \u007f水处理构筑物的垫层 人工*0.87",null,"10m3",0.516168,null,3996.94,2063.09]
[null,"D-4-2 换","承插式钢筋混凝土排水管 A式(135°)水泥砂浆接口 管径(mm) 400 \u007f合并制作子目 普通预拌混凝土 碎石粒径综合考虑 C20 \u007f合并制作子目 湿拌抹灰砂浆 一次抹灰厚度≥5mm M20",null,"100m",0.321,null,32013.06,10276.19]
[6,"031001006001","塑料管",null,"m","24",null,28.65,687.6]
[null,"借C10-1-277","给排水管道 室外塑料排水管(粘接) 公称外径(mm以内) 110",null,"10m",2.4,null,286.46,687.5]
[7,"040504002002","混凝土井",null,"座","1",null,3919.2,3919.2]
[null,"D-4-113 换","装配式钢筋混凝土检查井适用管径 300-500 井径φ1000 井深3m \u007f换为【普通预拌混凝土C30】",null,"座",1,null,4165.82,4165.82]
["综合单价计算表"]
["工程名称：中心商贸城雨污分流工程建设项目",{"$nulls":5},"第 2 页 共 5 页"]
["序号","编码","名称",null,"单位","工程量",null,"综合单价\n（元）","综合合价\n（元）"]
[null,"D-4-119","装配式钢筋混凝土检查井井筒增减 井径φ1000 每增减0.5m",null,"座",-1,null,117.46,-117.46]
[null,"D-4-119","装配式钢筋混凝土检查井井筒增减 井径φ1000 每增减0.5m",null,"座",-1,null,117.46,-117.46]
[null,"D-4-117","装配式钢筋混凝土检查井井筒增减 井径φ1000 每增减0.1m",null,"座",-1,null,56.7,-56.7]
[null,"补子目1","防坠网",null,"个",1,null,45,45]
[8,"040504002005","混凝土井",null,"座","1",null,2426.09,2426.09]
[null,"D-4-113 换","装配式钢筋混凝土检查井适用管径 300-500 井径φ1000 井深3m \u007f换为【普通预拌混凝土C30】",null,"座",1,null,2975.72,2975.72]
[null,"D-4-119","装配式钢筋混凝土检查井井筒增减 井径φ1000 每增减0.5m",null,"座",-4,null,117.46,-469.84]
[null,"D-4-117","装配式钢筋混凝土检查井井筒增减 井径φ1000 每增减0.1m",null,"座",-1,null,56.7,-56.7]
[null,"D-4-118","装配式钢筋混凝土检查井井筒增减 井径φ1000 每增减0.2m",null,"座",-1,null,68.09,-68.09]
[null,"补子目1","防坠网",null,"个",1,null,45,45]
[9,"040504002003","混凝土井",null,"座","3",null,2850.15,8550.45]
[null,"D-4-113 换","装配式钢筋混凝土检查井适用管径 300-500 井径φ1000 井深3m \u007f换为【普通预拌混凝土C30】",null,"座",3,null,3282.32,9846.96]
[null,"D-4-119","装配式钢筋混凝土检查井井筒增减 井径φ1000 每增减0.5m",null,"座",-9,null,117.46,-1057.14]
[null,"D-4-117","装配式钢筋混凝土检查井井筒增减 井径φ1000 每增减0.1m",null,"座",-3,null,56.7,-170.1]
[null,"D-4-118","装配式钢筋混凝土检查井井筒增减 井径φ1000 每增减0.2m",null,"座",-3,null,68.09,-204.27]
[null,"补子目1","防坠网",null,"个",3,null,45,135]
[10,"040504002004","混凝土井",null,"座","6",null,2850.15,17100.9]
["综合单价计算表"]
["工程名称：中心商贸城雨污分流工程建设项目",{"$nulls":5},"第 3 页 共 5 页"]
["序号","编码","名称",null,"单位","工程量",null,"综合单价\n（元）","综合合价\n（元）"]
[null,"D-4-113 换","装配式钢筋混凝土检查井适用管径 300-500 井径φ1000 井深3m \u007f换为【普通预拌混凝土C30】",null,"座",6,null,3282.32,19693.92]
[null,"D-4-119","装配式钢筋混凝土检查井井筒增减 井径φ1000 每增减0.5m",null,"座",-18,null,117.46,-2114.28]
[null,"D-4-117","装配式钢筋混凝土检查井井筒增减 井径φ1000 每增减0.1m",null,"座",-6,null,56.7,-340.2]
[null,"D-4-118","装配式钢筋混凝土检查井井筒增减 井径φ1000 每增减0.2m",null,"座",-6,null,68.09,-408.54]
[null,"补子目1","防坠网",null,"个",6,null,45,270]
[11,"040504009001","雨水口",null,"座","9",null,2942.35,26481.15]
[null,"D-4-129 换","预制装配式立式、平式雨水口 单箅 井深(m) 1 \u007f实际井深(m):1.4",null,"座",9,null,2942.35,26481.15]
[12,"010514002001","其他构件",null,"座","6",null,58.59,351.54]
[null,"D1-2-47","盖板 安装",null,"10m3",0.0324,null,552.93,17.91]
[null,"D1-2-46 换","盖板 预制 \u007f合并制作子目 普通预拌混凝土 碎石粒径综合考虑 C30",null,"10m3",0.0324,null,9478.99,307.12]
[null,"借A1-5-102","现浇构件圆钢 φ10内",null,"t",0.0043,null,6169.68,26.53]
[13,"041001006001","拆除管道",null,"m","55",null,6.23,342.65]
[null,"D1-4-56","拆除塑料管道 管径(mm以内) φ300",null,"100m",0.55,null,622.64,342.45]
[14,"041001009001","拆除井",null,"座","1",null,1063.73,1063.73]
[null,"D1-4-65","拆除砖砌检查井 深4m以内",null,"10m3",0.385,null,1641.86,632.12]
[null,"借A1-19-69 换","拆除废料外运 人工装自卸汽车运 3km内 \u007f实际运距(km):15",null,"10m3",0.385,null,1121.07,431.61]
[15,"070302012001","水力冲洗管道 管径300mm内 积泥1/2内",null,"m","100",null,7.64,764]
[null,"借R3-2-12","水力冲洗管道 管径300mm内 积泥1/2内",null,"100m",1,null,683.71,683.71]
[null,"借R3-2-28 换","汽车运渠泥 1公里内 \u007f实际运距(公里):10",null,"10m3",0.08831,null,904.37,79.86]
[16,"070302016016","水力冲洗管道",null,"m","95.00",null,15.85,1505.75]
[null,"借R3-2-16","水力冲洗管道 管径400-600mm内 积泥1/2内",null,"100m",0.95,null,1017.17,966.31]
["综合单价计算表"]
["工程名称：中心商贸城雨污分流工程建设项目",{"$nulls":5},"第 4 页 共 5 页"]
["序号","编码","名称",null,"单位","工程量",null,"综合单价\n（元）","综合合价\n（元）"]
[null,"借R3-2-28 换","汽车运渠泥 1公里内 \u007f实际运距(公里):10",null,"10m3",0.5966,null,904.37,539.55]
[17,"040101002001","挖沟槽土方",null,"m3","293.59",null,7.85,2304.68]
[null,"D1-1-33","挖掘机挖沟槽、基坑土方 一、二类土",null,"1000m3天然密实方",0.278911,null,6168.15,1720.36]
[null,"D1-1-10","人工挖沟槽土方 一、二类土 深度在2m内",null,"100m3天然密实方",0.146795,null,3982.04,584.54]
[18,"040103001001","管(基)坑回填石屑",null,"m3","225.33",null,238.23,53680.37]
[null,"D1-1-135","管(基)坑回填石屑",null,"100m3",2.2533,null,23823.02,53680.41]
[19,"041001001001","拆除路面",null,"m2","402",null,21.75,8743.5]
[null,"D1-4-3 换","小型机械拆除混凝土类路面层 无筋 厚15cm内 \u007f实际厚度(cm):20",null,"100m2",4.02,null,2175.18,8744.22]
[20,"041001003001","拆除基层",null,"m2","615",null,13.2,8118]
[null,"D1-4-11","小型机械拆除各类底层 厚15cm内  \u007f",null,"100m2",6.15,null,1319.99,8117.94]
[21,"041001002001","拆除人行道",null,"m2","213",null,2.79,594.27]
[null,"D1-4-32","拆除人行道 普通粘土砖 平铺",null,"100m2",2.13,null,279.2,594.7]
[22,"040103002001","余方弃置  自卸汽车运土方",null,"m3","385.84",null,27.95,10784.23]
[null,"D1-1-51","挖掘机装土",null,"1000m3天然密实方",0.38584,null,2822.93,1089.2]
[null,"D1-1-53 换","自卸汽车运土方 运距1km内 \u007f实际运距(km):10",null,"1000m3天然密实方",0.38584,null,25124.3,9693.96]
[23,"040103002002","余方弃置，拆除废料外运",null,"m3","93.18",null,45.72,4260.19]
[null,"D1-1-125","装载机装松散石方",null,"1000m3天然密实方",0.09318,null,6405.78,596.89]
[null,"D1-1-126 换","自卸汽车运石方 运距1km \u007f实际运距(km):10",null,"1000m3天然密实方",0.09318,null,39318.44,3663.69]
[24,"040202015001","恢复路面路基",null,"m2","402",null,51.48,20694.96]
[null,"D2-2-4","集中拌合水泥石屑混合料 水泥含量 6%",null,"m3",60.3,null,304.63,18369.19]
[null,"D2-2-8 换","自卸汽车运输水泥石屑(碎石)混合料 自卸汽车装载 第一个1km \u007f实际运距(km):5",null,"100m3",0.603,null,1900.74,1146.15]
[null,"D2-2-12","机械铺筑水泥石屑(碎石)混合料 厚度 15cm",null,"100m2",4.02,null,293.49,1179.83]
[25,"040203007002","水泥混凝土",null,"m2","402",null,169.27,68046.54]
["综合单价计算表"]
["工程名称：中心商贸城雨污分流工程建设项目",{"$nulls":5},"第 5 页 共 5 页"]
["序号","编码","名称",null,"单位","工程量",null,"综合单价\n（元）","综合合价\n（元）"]
[null,"D2-3-46 换","水泥混凝土路面 厚度 20cm \u007f合并制作子目 普通预拌混凝土 碎石粒径综合考虑 C30",null,"100m2",4.02,null,16764.18,67392]
[null,"D2-3-55","水泥混凝土路面养生 水养生",null,"100m2",4.02,null,162.33,652.57]
[26,"040202015002","恢复人行道基层",null,"m2","213",null,50.37,10728.81]
[null,"D2-2-3 *0.5","集中拌合水泥石屑混合料 水泥含量 4% \u007f单价*0.5",null,"m3",31.95,null,144.92,4630.19]
[null,"D2-2-4 *0.5","集中拌合水泥石屑混合料 水泥含量 6% \u007f单价*0.5",null,"m3",31.95,null,152.33,4866.94]
[null,"D2-2-8 换","自卸汽车运输水泥石屑(碎石)混合料 自卸汽车装载 第一个1km \u007f实际运距(km):5",null,"100m3",0.3195,null,1900.74,607.29]
[null,"D2-2-12","机械铺筑水泥石屑(碎石)混合料 厚度 15cm",null,"100m2",2.13,null,293.49,625.13]
[27,"040204002001","人行道块料铺设",null,"m2","213",null,238.88,50881.44]
[null,"D2-4-8 换","人行道广场砖铺设 \u007f合并制作子目 湿拌抹灰砂浆 一次抹灰厚度≥5mm M20",null,"100m2",2.13,null,8966.4,19098.43]
[null,"D2-4-14 换","人行道垫层 混凝土 厚度 15cm \u007f实际厚度(cm):20 \u007f合并制作子目 普通预拌混凝土 碎石粒径综合考虑 C30",null,"100m2",2.13,null,14921.88,31783.6]
[28,"040901008001","植筋",null,"根","503",null,53.7,27011.1]
[null,"F-3-19","道路旧砼板 侧面植筋",null,"10根",50.3,null,493.78,24837.13]
[null,"借A1-5-109","现浇构件带肋钢筋(Ⅲ级以上) φ25以内",null,"t",0.425337,null,5111.21,2173.99]
[29,"040602030001","路面切割",null,"m","130",null,15.27,1985.1]
[null,"D1-4-88 换","旧路面机械切缝 水泥混凝土路面 5cm厚 \u007f实际厚度(cm):20",null,"100m",1.3,null,1527.46,1985.7]
[]
[]
[]
[]
[]
[null,null,"合   计",{"$nulls":5},367930.76]